000 00540nam a2200181Ia 4500
005 20240530110940.0
008 140319s1985 xx 000 0 ara d
040 _aGCL /
_cGCL
082 0 4 _a530 /
_bا ف
100 1 _aاحمد شوقى عمار
245 1 0 _aالصوت /
_cاحمد شوقى عمار
250 _aالاولى
260 _aبيروت :
_bدار الراتب الجامعية،
_c1985
300 _a63 ص؛
_c24 سم
650 0 4 _aالصوت
942 _2ddc
_cBK
999 _c66801
_d66801